| 000 | 00687cam a22002054a 4500 | ||
|---|---|---|---|
| 005 | 20250826125622.0 | ||
| 008 | 250528s ||||||||||||||||||||||||d | ||
| 035 | _a15554 | ||
| 020 | _a133942481 | ||
| 040 |
_aGR-AtMCL _bgre _dGR-AtMCL _eAACR2 |
||
| 245 | 1 | _aComputer Networks / Third Edition | |
| 250 | _a3rd | ||
| 260 |
_bPrentice Hall International, _c1996 |
||
| 300 | _a814 | ||
| 520 | _aPreface, Introduction, The Physical Layer, The Data Link Layer, The Medium Access Sublayer, The Network Layer, The Transport Layer, The Application Layer, Reading List and Bibliography, Index. | ||
| 700 | 1 |
_aTanenbaum, Andrew S. _9838 |
|
| 942 | _cBK | ||
| 999 |
_c1125 _d1125 |
||